000
00259nam a22001217a 4500
008
181204b xxu||||| |||| 00| 0 eng d
041
_a
eng
080
_a
004
100
_a
37
101
_a
SHK
245
_a
Computer Forensics
_c
Lawrence.o
942
_2
udc
_c
BK
999
_c
52820
_d
52820